000 00793nam a2200289 a 4500
003 AR-BaBNM
005 20251128205056.0
008 082120s2002 ||||||||||||||000 | spa||
020 _a950-04-1421-X
040 _cAR-BaBNM
100 1 _aRuiz Moreno, Isidoro Jorge
245 0 0 _aLa Revolución del 55
_bcómo cayó Perón
_n2
260 _aBuenos Aires
_bEmecé
_c1994
300 _a442 p.
_bil.
500 _aIndice de personas: p. 431-442
600 1 4 _aPerón, Juan Domingo
600 1 4 _aRojas, Isaac Francisco
600 1 4 _aAramburu, Pedro Eugenio
_d1955-1958
600 0 4 _aPerón
_d1952-1955
650 4 _aHISTORIA
650 4 _aPOLITICA
650 4 _aREVOLUCION DE SETIEMBRE DE 1955
650 4 _aFUERZAS ARMADAS
651 4 _aArgentina
942 _cBK
998 _cEnrique
999 _c9888
_d9888